000 01197aam a2200313 i 4500
999 _c46394
_d46394
001 20040
003 CO-MdFUSB
005 20180727104524.0
008 180727t1973 enk||||g |||| 00| 0 eng d
020 _a334-01104-3
040 _aCO-MdFUSB
_bspa
_cCO-MdFUSB
_dCO-MdFUSB
_erda
041 _aeng
082 _224
_aG 230.0415
_bN285n
100 1 _aMorgan, Robert., (Editor)
245 1 4 _aThe nature of New Testament theology
_b: The contribution of William Wrede and Adolf Schlatter
_c/ Editado y traducido por Robert Morgan
264 1 _aLondon :
_bSCM Press,
_c℗1973
264 4 _c©1973
300 _a196 páginas
_c; 22 cm
336 _2rdacontent
_atexto
_btxt
337 _2rdamedia
_asin mediación
_bn
338 _2rdacarrier
_avolumen
_bnc
490 _aStudies in Biblical Theology
501 _aIncluye índice (páginas 195-196)
505 0 _aEl cáracter de la teología del Nuevo Testamento / Robert Morgan -- La tarea y los métodos de la teología del Nuevo Testamento / William Wrede -- La teología del Nuevo Testamento y la dogmática / Adolf Schlatter
563 _aRústico
650 7 _9320
_aTeología bíblica
942 _cBK